Coopération Franco-Vietnamienne dans le domaine muséographique : Faits et perspectives
Je tiens enfin à réitérer aujourd’hui notre volonté de poursuivre le dialogue avec tous les autres bailleurs et le
Guardado en:
| Autor Corporativo: | |
|---|---|
| Formato: | Libro |
| Lenguaje: | Undetermined |
| Publicado: |
Hà Nội
Ambassade de France en Républice Socialialiste du Vietnam
2005
|
| Materias: | |
| Etiquetas: |
Agregar Etiqueta
Sin Etiquetas, Sea el primero en etiquetar este registro!
|
| Thư viện lưu trữ: | Trung tâm Học liệu Trường Đại học Cần Thơ |
|---|
| LEADER | 00843nam a2200205Ia 4500 | ||
|---|---|---|---|
| 001 | CTU_122033 | ||
| 008 | 210402s9999 xx 000 0 und d | ||
| 082 | |a 069 | ||
| 082 | |b C776 | ||
| 110 | |a Ambassade de France en Républice Socialialiste du Vietnam | ||
| 245 | 0 | |a Coopération Franco-Vietnamienne dans le domaine muséographique : | |
| 245 | 0 | |b Faits et perspectives | |
| 245 | 0 | |c Ambassade de France en Républice Socialialiste du Vietnam | |
| 260 | |a Hà Nội | ||
| 260 | |b Ambassade de France en Républice Socialialiste du Vietnam | ||
| 260 | |c 2005 | ||
| 520 | |a Je tiens enfin à réitérer aujourd’hui notre volonté de poursuivre le dialogue avec tous les autres bailleurs et le | ||
| 650 | |a Museology,Công tác bảo tàng | ||
| 904 | |i Thủy | ||
| 980 | |a Trung tâm Học liệu Trường Đại học Cần Thơ | ||